logo

Bir Sreshtho Munshi Abdur Rouf Library
Jhenaidah Cadet College

Thinking about politics : (Record no. 14021)

MARC details
000 -LEADER
fixed length control field 00651cam a2200217 a 4500
001 - CONTROL NUMBER
JCCL Control Number 14021
003 - CONTROL NUMBER IDENTIFIER
JCCL marc code BD-JhCC
005 - DATE AND TIME OF LATEST TRANSACTION
control field 20240523142229.0
008 - FIXED-LENGTH DATA ELEMENTS--GENERAL INFORMATION
fixed length control field 850924s1956 aca 000 0 eng d
035 ## - SYSTEM CONTROL NUMBER
system control number (BD-JhCC)14020
035 ## - SYSTEM CONTROL NUMBER
system control number 825159
040 ## - CATALOGING SOURCE
Original cataloging agency XNTU
Transcribing agency XNTU
Modifying agency BD-JhCC
041 ## - LANGUAGE CODE
Language code of Book eng
082 04 - DEWEY DECIMAL CLASSIFICATION NUMBER
Classification number 320.01
Author mark and Year DEL 1981
100 1# - MAIN ENTRY--PERSONAL NAME
Personal name Partridge, P. H.
Fuller form of name (Percy Herbert),
Dates associated with a name 1910-
245 10 - TITLE STATEMENT
Title Thinking about politics :
Remainder of title American Government in Associational Perspective /
Statement of responsibility, etc P.H. Partridge.
260 ## - PUBLICATION, DISTRIBUTION, ETC. (IMPRINT)
Place of publication, distribution, etc Canberra :
Name of publisher, distributor, etc Australian National University,
Date of publication, distribution, etc 1956.
300 ## - PHYSICAL DESCRIPTION
Pagination 23 p. ;
Dimensions 21 cm.
650 #0 - SUBJECT ADDED ENTRY--TOPICAL TERM
Topical term or geographic name as entry element Political science.
942 ## - ADDED ENTRY ELEMENTS (KOHA)
Source of classification or shelving scheme Dewey Decimal Classification
Koha item type Books
Holdings
Source of classification or shelving scheme Damaged status Not for loan Home library Current library Shelving location Date of accession Total Checkouts Full call number Barcode Date last seen Copy number Method of acquisition Koha item type Currency
Dewey Decimal Classification     JCC Rouf Library JCC Rouf Library General Stacks     320.01 DEL 1981 19534 05/23/2024 C-1 Purchase Books BDT

JCC Library | Contacts | JCC Home

Last Update on 23 September 2017
Copyright @ 2017-2020 JCC Rouf Library
Rouf Library, Jhenidah Cadet College (JCC), Bangladesh